000 00474pab a2200169 454500
008 180718b1995 xxu||||| |||| 00| 0 eng d
100 _aGrogger, Jeffrey
245 _aThe effect of arrests on the employment and earnings of young men.
260 _c1995
300 _ap.51-71
362 _aFeb
650 _aWages - U.S.A.
650 _aUnemployment - U.S.A.
650 _aUnemployment and crime - U.S.A.
773 _aQuarterly Journal of Economics
909 _a28205
999 _c28205
_d28205